Studia epigraficzne

Titel: Studia epigraficzne : seria monograficzna / Uniwersytet Zielonogórski
Veröffentlicht: Kraków : Wydawnictwo Avalon, 2004-
Zielona Góra : Oficyna Wydawnicza Uniwersytetu Zielonogórskiego, 2004-2016
Erscheinungsverlauf: 1.2004 -
Format: Zeitschrift, Zeitung
Sprache: Polnisch
Schlagworte:
ISSN: 1734-7106
Kein Bild verfügbar
X
alg: 12968675
001A    $06050:21-07-05 
001B    $06050:17-12-25 $t10:54:12.000 
001D    $06050:10-10-15 
001U    $0utf8 
001X    $00 
002@    $0Abvc 
002C    $aText $btxt $2rdacontent 
002D    $aohne Hilfsmittel zu benutzen $bn $2rdamedia 
002E    $aBand $bnc $2rdacarrier 
003@    $0129686751 
003O    $01368092167 $aOCoLC 
005A    $01734-7106 
006Z    $02195362-4 
007A    $02195362-4 $aZDB 
010@    $apol 
011@    $a2004 $n2004- 
013D    $RPresse $RFortlaufendes Sammelwerk $#Periodicals $#Yearbooks $#Périodiques $#Annuaires $#Publicaciones periódicas $#journals $#Periodical $#Periodicals as Topic $#Zeitschrift $#Zeitschrift $#Periodikum $#Zeitschriften $74067488-5 $8Zeitschrift [Tsz] $9085189774 
018@    $0u 
021A    $aStudia epigraficzne $d seria monograficzna $hUniwersytet Zielonogórski 
031@    $a1.2004 - 
031N    $d1 $6 $j2004 
033A    $pKraków $nWydawnictwo Avalon 
033A    $pZielona Góra $h2004-2016 $ze $nOficyna Wydawnicza Uniwersytetu Zielonogórskiego 
044K    $qZDB $RHistorische Hilfswissenschaften $RInschrift $REpigraphiker $#Inschriftenkunde $#Epigrafik $74152508-5 $8Epigraphik [Ts1] $9085636436 
044K    $qZDB $RPolen-Litauen $RKongresspolen $RWestgalizien $RStaat Krakau $#Generalgouvernement Polen $#Polska $#Rzeczpospolita Polska $#Polska Rzeczpospolita Ludowa $#Poland $#Pologne $#République Polonaise $#Generalne Gubernatorstwo w Polsce $#Polish People's Republic $#Polska Rzeczpospolita Polen $#PRL $#RP $#Polen Generalgouvernement $#Polska Generalgouvernement $#Besetzte Polnische Gebiete $#Besetztes Gebiet in Polen $#Okupowane Polskie Obszary $#Obszary Okupowane w Polsce $#Volksrepublik Polen $#Polska Rosyjska $#Republic Polen $#Respublika Pol'ša $#Pol'skaja Narodnaja Respublika $#République de Pologne $#Polen Links der Weichsel $#Polska po Lewej Stronie Wisły $#Lenkija $#Polija $#Gubernija Carstva Pol'skago $#Republik Polen $74046496-9 $8Polen [Tg1] $9085129801 
045T    $aOST $qDE-12 $2FID 
045T    $a9,10 
045U    $e700 

lok: 12968675 78

exp: 12968675 78 1 #EPN
201B/01 $019-04-17 $t14:22:02.000 
201U/01 $0utf8 
203@/01 $0790977427 
208@/01 $a12-11-16 $be 
209A/01 $a/ $f000 $x00 
220C/01 $aTitelaufnehmer: cs 
220C/01 $aHerkunft: HI Marburg 
244Z/01 $2Trx $#Poola $#Lenkija $#Polija $#Polen Land $#Poland $#Lengyelország $#Poľsko $#Polsko $8--Trx--Polska$gkraj $x01 $9391345966 
245Z/01 $a01.02 $x01 
247C/01 $82080>Marburg/Lahn, Herder-Institut, Forschungsbibliothek, Bibliographieportal $9336309341
LEADER 00000cas a2200000 c 4500
001 129686751
003 DE-603
005 20251217105412.0
007 tu
008 050721c20049999xx u| p| 0 |1pol c
016 7 |2 DE-600  |a 2195362-4 
022 |a 1734-7106 
035 |a (DE-599)ZDB2195362-4 
035 |a (OCoLC)1368092167 
040 |a DE-603  |b ger  |c DE-603  |d DE-603 
041 |a pol 
084 |a OST  |q DE-12  |2 fid 
084 |a 9,10  |2 ssgn 
084 |a 700  |q DE-600  |2 sdnb 
245 0 0 |a Studia epigraficzne  |b  seria monograficzna  |c Uniwersytet Zielonogórski 
264 1 |a Zielona Góra  |b Oficyna Wydawnicza Uniwersytetu Zielonogórskiego  |c 2004-2016 
264 3 1 |a Kraków  |b Wydawnictwo Avalon  |c 2004- 
336 |a Text  |b txt  |2 rdacontent 
337 |a ohne Hilfsmittel zu benutzen  |b n  |2 rdamedia 
338 |a Band  |b nc  |2 rdacarrier 
362 0 |a 1.2004 - 
363 0 1 |8 1.1\x  |a 1  |i 2004 
650 7 |a Epigraphik  |0 (DE-588)4152508-5  |0 (DE-603)085636436  |2 gnd 
651 7 |a Polen  |0 (DE-588)4046496-9  |0 (DE-603)085129801  |2 gnd 
655 7 |a Zeitschrift  |2 gnd-content  |0 (DE-588)4067488-5  |0 (DE-603)085189774 
924 0 |9 2080  |a (DE-603)790977427  |b DE-2080  |c HES  |d d  |g /